| 000 | 02585nam0a2200385 4500 | ||
|---|---|---|---|
| 001 | RU\NLR\bibl\1022584 | ||
| 005 | 20250614234702.0 | ||
| 021 |
_aRU _b2006-70289 _93537 |
||
| 035 | _a(nilc)RSL-KNO-002966181 | ||
| 035 | _a(NLR Aleph) 001010103 | ||
| 090 |
_a633073 _c633073 |
||
| 100 | _a20061107d2006 |||y0rusy50 ca | ||
| 101 | 0 | _arus | |
| 102 | _aRU | ||
| 105 | _ay ||||||||| | ||
| 106 | _ar | ||
| 200 | 1 |
_aПрогноз экологического риска на основе теории чувствительности _eучебное пособие для студентов специальности "Инженерная защита окружающей среды" _fА.А. Макоско, А.В. Матешева _gМоск. гос. ун-т путей сообщ. (МИИТ), Каф. инж. экологии |
|
| 210 |
_aМосква _cМосковский государственный университет путей сообщения _d2006 |
||
| 215 |
_a32 с. _d21 |
||
| 320 | _aБиблиогр.: с. 30-31 (24 назв.) | ||
| 606 | 1 |
_aЗдоровье _jУчебные издания для высших учебных заведений _xВлияние загрязнения воздуха _91300203 _3RU\NLR\auth\66221033 |
|
| 610 | 0 | _aБиологические науки -- Физиология, биофизика и биохимия животных и человека -- Физиология животных и человека -- Экологическая физиология -- Методика и техника научно-исследовательской работы -- Математические методы -- Учебник для высшей школы | |
| 610 | 0 | _aЗдравоохранение. Медицинские науки -- Коммунальная гигиена -- Санитарно-гигиеническая оценка загрязнений атмосферного воздуха -- Задымление и запыление (выхлопные газы) -- Учебник для высшей школы | |
| 610 | 0 | _aэкология транспорта | |
| 686 |
_aЕ903,1с21я73-1 _2rubbk |
||
| 686 |
_aР121.4я73-1 _2rubbk |
||
| 686 | _aР121.142-6я73 | ||
| 700 | 1 |
_aМакоско _bА. А. _gАлександр Аркадьевич _4070 |
|
| 701 | 1 |
_aМатешева _bА. В. _gАнна Владимировна _4070 |
|
| 801 | 0 |
_aRU _bРКП _c20061107 _grcr |
|
| 801 | 1 |
_aRU _bРГБ _c20061107 |
|
| 801 | 2 |
_aRU _bNLR _c20061215 _grcr |
|
| 942 | _cBOOK | ||
| 980 | _aNB | ||